Experimentálne skúmanie povrchovej úpravy stieracích platničiek pri recyklácii skla

Salvato in:
Dettagli Bibliografici
Autore principale: Čačko, Viliam (Autore)
Altri autori: (Relatore della tesi)
Natura: Manoscritto Libro
Lingua:slovacco
Pubblicazione: 2025
Soggetti:
Accesso online:http://is.stuba.sk/zp/portal_zp.pl?podrobnosti_zp=106079
Tags: Aggiungi Tag
Nessun Tag, puoi essere il primo ad aggiungerne!!

MARC

LEADER 00000ntm a22000003a 4500
001 stuzp106079
003 SK-STU
005 20251213210256.9
007 ta
008 150427s2015----xo-----f-mn---000-0-slo-d
040 |a STU  |b slo 
041 0 |a slo 
100 1 |a Čačko, Viliam  |u 020070  |k Z1  |4 aut  |U SjF Strojnícka fakulta  |T SjF Ústav výrobného inžinierstva a kvality produkcie  |X 14123  |U J0070  |Y 804  |7 A000014123 
242 0 1 |a Experimental determination of surface treatment in order to eliminate wear of wiper plates during glass processing  |y eng 
245 1 0 |a Experimentálne skúmanie povrchovej úpravy stieracích platničiek pri recyklácii skla 
260 |c 2025 
650 4 |a opotrebenie  |2 slo 
650 4 |a stieracia platnička  |2 slo 
650 4 |a lepené sklo  |2 slo 
650 4 |a wear  |2 eng 
650 4 |a wiper plate  |2 eng 
650 4 |a bonded glass  |2 eng 
700 1 |a ,  |4 ths  |X null  |7 null 
856 4 |u http://is.stuba.sk/zp/portal_zp.pl?podrobnosti_zp=106079